Star Trek Species by Description - Statistics

General Stats
  • This quiz has been taken 53 times
  • The average score is 13 of 20
Answer Stats
Hint Answer % Correct
Warrior species that values honor and glory. Most have prominent ridges on their foreheads Klingon
100%
Culture that prizes logic and suppression of emotions Vulcan
100%
Offshoot of the above that rejected the ideal of logic over emotions, and founded a separate empire Romulan
98%
Species of cybernetically-enhanced beings that aggressively assimilates other species to add to their own. Borg
93%
Mercantile species with large ears and a reputation for greed, cunning, and not allowing their females to wear clothing. Ferengi
90%
Militaristic and xenophobic species with spoon-like indents on their foreheads, who conquered the above. Cardassian
85%
Highly advanced species that wields godlike power with the snap of a finger. Q
85%
Human-looking species with telepathy, can interbreed with humans. Betazoid
83%
Species with blue skin, white hair, and antennae. Andorian
70%
Reptilian species much stronger and sturdier than humans. Captain Kirk famously fought one. Gorn
70%
Highly religious species with ridged noses that lives near a stable wormhole to the Gamma Quadrant Bajoran
68%
Shapeshifting species from the Gamma Quadrant that rules the Dominion Changeling / Founder
53%
Warrior species genetically engineered by the Dominion and kept subservient by chemical addiction. Jem'Hadar
45%
Delta Quadrant species with ridged and spotted heads, and ginger-colored hair and whiskers. Talaxian
45%
Human-looking species from the Delta Quadrant that lives only nine years on average. Ocampa
40%
Species genetically engineered to serve the Dominion as administrators and diplomats. Vorta
40%
Xenophobic species from fluidic space that proved immune to assimilation by the above. Species 8472
35%
Stout, bearded species with distinctive noses, who were among the founding members of the Federation. Tellarite
35%
Blue-skinned humanoid species, usually bald, with a ridge running down the center of their body. Bolian
30%
Species with bulbous heads and the power to create powerful and realistic illusions. Talosian
30%
No matching quizzes found
Score Distribution
Percent of People with Each Score
Percentile by Number Answered
Your Score History
You have not taken this quiz